Statistics for DreamWorks Animated movies

Click here to take the quiz!

General Stats

  • This quiz has been taken 2,803 times
    (588 since last reset)
  • The average score is 24 of 48

Answer Stats

HintAnswer% Correct
2001Shrek
95%
2004Shrek 2
90%
2007Shrek the Third
90%
2010Shrek Forever After
84%
2008Kung Fu Panda
77%
2011Puss in Boots
76%
2011Kung Fu Panda 2
73%
2010How to Train Your Dragon
72%
2016Kung Fu Panda 3
71%
2005Madagascar
69%
2022Puss in Boots: The Last Wish
68%
2014How to Train Your Dragon 2
67%
2008Madagascar: Escape 2 Africa
66%
1998Antz
65%
2012Madagascar 3: Europe's Most Wanted
65%
2019How To Train Your Dragon: The Hidden World
63%
2024Kung Fu Panda 4
57%
1998The Prince of Egypt
57%
2010Megamind
53%
2004Shark Tale
50%
2006Over the Hedge
49%
2016Trolls
49%
2002Spirit: Stallion of the Cimarron
46%
2020Trolls: World Tour
46%
2017The Boss Baby
45%
2000The Road to El Dorado
44%
2015Home
43%
2023Trolls Band Together
43%
2007Bee Movie
42%
2000Chicken Run
42%
2014Penguins of Madagascar
42%
2013The Croods
41%
2006Flushed Away
40%
2003Sinbad: Legend of the Seven Seas
40%
2021The Boss Baby: Family Business
39%
2013Turbo
38%
2009Monsters vs Aliens
37%
2020The Croods: A New Age
37%
2012Rise of the Guardians
35%
2022The Bad Guys
33%
2005Wallace and Gromit: The Curse of the Were-Rabbit
31%
2019Abominable
30%
2017Captain Underpants: The First Epic Movie
28%
2000Joseph: King of Dreams
28%
2014Mr. Peabody and Sherman
28%
2023Ruby Gillman, Teenage Kraken
28%
2021Spirit Untamed
26%
2021Trollhunters: Rise of the Titans
11%

Score Distribution

Percentile by Number Answered

Percent of People with Each Score

Your Score History

You have not taken this quiz since the last reset